Govt. of
Madhya Pradesh

The Land of Martyr's (Record no. 14838)

MARC details
000 -LEADER
fixed length control field 004930000a22001930004500
001 - CONTROL NUMBER
control field 002931
003 - CONTROL NUMBER IDENTIFIER
control field MACL
005 - DATE AND TIME OF LATEST TRANSACTION
control field 20151003160231.0
008 - FIXED-LENGTH DATA ELEMENTS--GENERAL INFORMATION
fixed length control field 151003b xxu||||| |||| 00| 0 eng d
040 ## - CATALOGING SOURCE
Original cataloging agency MACL
Transcribing agency MACL
041 ## - LANGUAGE CODE
Language code of text/sound track or separate title English
082 ## - DEWEY DECIMAL CLASSIFICATION NUMBER
Classification number 910/PHA
100 ## - MAIN ENTRY--PERSONAL NAME
Personal name Phaley, Baban
9 (RLIN) 13553
245 ## - TITLE STATEMENT
Title The Land of Martyr's
Remainder of title Andaman & Nicobar Islands
Statement of responsibility, etc. Baban Phaley
260 ## - PUBLICATION, DISTRIBUTION, ETC. (IMPRINT)
Place of publication, distribution, etc. Nagpur
Date of publication, distribution, etc. 2004
Name of publisher, distributor, etc. Phaley Publications,
350 ## - PRICE (NR) (BK AM CF MU VM SE) [OBSOLETE]
Price 100
650 ## - SUBJECT ADDED ENTRY--TOPICAL TERM
Topical term or geographic name as entry element Travel
9 (RLIN) 13554
942 ## - ADDED ENTRY ELEMENTS (KOHA)
Call number prefix 910
Koha item type Books
Source of classification or shelving scheme
Holdings
Withdrawn status Lost status Source of classification or shelving scheme Damaged status Not for loan Home library Current library Date acquired Cost, normal purchase price Total Checkouts Full call number Barcode Date last seen Uniform Resource Identifier Price effective from Koha item type
          MACL MACL 15/04/2015 100.00   910/PHA CRE018210 02/05/2024 14726 15/04/2015 Books